| 000 | 00923nam a2200265 a 4500 | ||
|---|---|---|---|
| 001 | 72894 | ||
| 003 | BD-RjUL | ||
| 005 | 20211209082324.0 | ||
| 008 | 170524m1915 enkaf b 001 0 eng d | ||
| 035 | _a(BD-RjUL)73112 | ||
| 040 |
_aTLZ _cTLZ _dEQO _dBD-RjUL _beng |
||
| 041 | _aeng | ||
| 082 |
_223 _a584.742 _bFRP 1915 |
||
| 100 | 1 |
_aFryer, Alfred _d1826-1912. _9215607 |
|
| 245 | 1 | 4 |
_aThe potamogetons (pond weeds) of the British Isles : _bwith descriptions of all the species, varieties and hybrids / _cby Alfred Fryer and Arthur Bennett. |
| 260 |
_aLondon : _bL. Reeve, _c1915. |
||
| 300 |
_ax, 94 p., 60 leaves of plates : _bcol. ill. ; _c32 cm. |
||
| 500 | _aIssued in 15 parts, 1898-1915. | ||
| 500 | _a"1733A3-1735D2" | ||
| 504 | _aIncludes bibliographical references and index | ||
| 650 | 0 |
_aPotamogetonaceae _9215608 |
|
| 650 | 0 |
_aBotany _9215609 |
|
| 700 | 1 |
_aBennett, Arthur _d1844- _9215610 |
|
| 942 |
_2ddc _cBK |
||
| 999 |
_c72894 _d72894 |
||